| 000 | 00380nam a2200145Ia 4500 | ||
|---|---|---|---|
| 008 | 230524s9999 xx 000 0 und d | ||
| 082 |
_a543.24 _bAMB |
||
| 100 | _aAshok Ambardar | ||
| 245 | 0 | _aDigital Signal Processing: A Modern Introduction | |
| 260 |
_aNEW DELHI _bCengage _c2011 |
||
| 300 | _aXVI;591 | ||
| 500 | _aQuantity Number: 2 | ||
| 650 | _aElectronics | ||
| 942 | _cBK | ||
| 999 |
_c48777 _d48777 |
||